|
|
|
|
| LEADER |
00890cam a2200253 7i4500 |
| 001 |
0000064212 |
| 005 |
20211203090000.0 |
| 020 |
|
|
|a 9781498737807 #28;(electronic book
|
| 090 |
|
|
|a RJ486
|b .P69 20
|
| 245 |
|
|
|a Pediatric neurology
|c James F. Bale, Jr [and five others
|
| 250 |
|
|
|a Second editio
|
| 264 |
|
|
|a Boca Raton, FL:
|b CRC Press,
|c 201
|
| 300 |
|
|
|a 1 online resource (xiv, 362 pages):
|b colour illustrations, text file, PD
|
| 336 |
|
|
|a text
|2 rdaconte
|
| 337 |
|
|
|a computer
|2 rdamed
|
| 338 |
|
|
|a online resource
|2 rdacarri
|
| 490 |
|
|
|a Pediatric diagnosis and manageme
|
| 650 |
|
|
|a Pediatric neurolog
|
| 655 |
|
|
|a Electronic boo
|
| 700 |
|
|
|a Bale, James F
|
| 856 |
|
|
|u http://library.unisel.edu.my/web/guest/mylibra
|
| 997 |
|
|
|a Health Sciences, Facul
|
| 998 |
|
|
|a Medical Imaging, Diplo
|
| 999 |
|
|
|a EBO0008714
|b EBOOK
|c EBOOK
|e Electronic resourc
|